• 首页
  • 本馆介绍
  • 公告通知
  • 最新文献
  • 馆藏检索
  • 电子资源
  • 读者导购
  • 参考咨询
  • 我的图书馆
  • 登录
  • 详细信息显示
  • 放入我的书架
  • 预约/预借图书
  • 作者相关作品
  • 分类相关作品
  • 丛书相关作品
  • 出版社相关作品

书目信息

  • 表格格式
  • 工作单格式
  • 卡片格式
题名:
论纪说法
    
 
作者: 边学文 主编 ;中共中央纪律检查委员会中华人民共和国国家监察委员会案件审理室 编写
分册: 2023  
出版信息: 北京   中国方正出版社  2023
页数: 345页
开本: 25cm
丛书名:
单 册:
中图分类: D262.6 , D630.9
科图分类:
主题词: 行政--监察--案件--审理--研究--中国
电子资源:
ISBN: 978-7-5174-1270-0
000 01457nam0 2200277 450
001 012024000285
005 20240924225236.0
010    @a978-7-5174-1270-0@dCNY55.00
100    @a20240924d2023 em y0chiy50 ea
101 0  @achi
102    @aCN@b110000
105    @ay z 000yy
106    @ar
200 1  @a论纪说法@Alun ji shuo fa@h2023@f中共中央纪律检查委员会中华人民共和国国家监察委员会案件审理室编写
210    @a北京@c中国方正出版社@d2023
215    @a345页@d25cm
314    @a书中题其他责任者:边学文主编
330    @a本书坚持政治引领、紧贴工作实际、聚焦新难问题,精心选取全国各级纪检监察干部撰写的兼具新颖性、参考性的典型案例分析文章50余篇,内容涵盖违反政治纪律、中央八项规定精神、组织纪律、廉洁纪律、群众纪律、工作纪律、生活纪律和职务违法、职务犯罪各个方面。每篇文章分为“内容提要”“基本案情”“分歧意见”“意见分析”“相关规定”5个部分,以案释纪、以案明法、以案论理,既有分析论证,又有提炼总结,为广大纪检监察干部解决执纪执法工作实践中的新型疑难复杂问题提供指导参考。
601 02 @a中国共产党@x纪律检查@x案件@x审理@x研究
606 0  @a行政@x监察@x案件@x审理@x研究@y中国
690    @aD262.6@v5
690    @aD630.9@v5
701  0 @a边学文@Abian xue wen@4主编
712 02 @a中共中央纪律检查委员会中华人民共和国国家监察委员会案件审理室@Azhong gong zhong yang ji lu jian cha wei yuan hui zhong hua ren min gong he guo guo jia jian cha wei yuan hui an jian shen li shi@4编写
801  0 @aCN@bAHXH@c20240924
905    @b214141034@dD262.6@e2075@f1
    
    论纪说法.2023/中共中央纪律检查委员会中华人民共和国国家监察委员会案件审理室编写.-北京:中国方正出版社,2023
    345页;25cm
    
    
    ISBN 978-7-5174-1270-0:CNY55.00
    本书坚持政治引领、紧贴工作实际、聚焦新难问题,精心选取全国各级纪检监察干部撰写的兼具新颖性、参考性的典型案例分析文章50余篇,内容涵盖违反政治纪律、中央八项规定精神、组织纪律、廉洁纪律、群众纪律、工作纪律、生活纪律和职务违法、职务犯罪各个方面。每篇文章分为“内容提要”“基本案情”“分歧意见”“意见分析”“相关规定”5个部分,以案释纪、以案明法、以案论理,既有分析论证,又有提炼总结,为广大纪检监察干部解决执纪执法工作实践中的新型疑难复杂问题提供指导参考。
●
相关链接 在E读中查询图书 在五车中查询图书 在当当中查询图书 在豆瓣中查询图书


正题名:论纪说法     索取号:D262.6/2075         预约/预借

序号 登录号 条形码 馆藏地/架位号 状态 备注
1 1414103   214141034   第一样本阅览室/ [索取号:D262.6/2075] 在馆    
唐山师范学院图书馆 欢迎您!
大连网信软件有限公司© 版权所有